Регионална библиотека "Любен Каравелов" - Русе

Кратко ръководство по учтивостта (Запис номер 354658)

MARC детайли
000 -Лидер
Контролно поле с фиксирана дължина 01230nam a2200325 a 4500
003 - Код на организацията, давaща контролен номер
Контролно поле BLK
005 - Дата и час на последна редакция
Контролно поле 20250122132850.0
008 - Елементи от данни с фиксирана дължина
fixed length control field 200310b bul|||||r ||||||| ||bul||
010 ## - Наследен системен номер
LC control number KNG00024201RET
040 ## - Източник на каталожния запис
Идентификатор на билиотеката - собственик на записа BLK
041 ## - Код за език
Код за езика на текст/звукозапис или на отделно заглавие Български
Код за езика КДБФ Български
080 ## - УДК
Текстов определител УДК Индивидуална етика. Морално съзнание. Задължения на човека към самия себе си. Поведение на отделен човек
УДК код - определител по УДК 171
УДК - код + определител 171
100 ## - Редна дума - Автор
R(LIN) 1435
Автор Харалампиев, Георги
Авторска отговорност стъкмил
139 ## - Редно поле
Редна дума Харалампиев, Георги
Авторски знак Хар - Х 26
245 10 - Сведения за заглавието
Заглавие Кратко ръководство по учтивостта
Подзаглавни данни Кн. необходима за всяко семейство
Редно поле (дума) Стъкмил Георги Харалампиев.
257 ## - Страна на издаване
Страна на създаване/издаване България
260 ## - Област на издателските данни
Място на издаване, разпространение и проч. Русе
Година на издаване 1902
Печатница Б. Н. Малджиев
300 ## - Физическа характеристика
Страници 71 с.
Размери/Мащаб 19 см
380 ## - Жанр
Жанр Философия
650 #7 - Допълнително описание по предмет – тема
9 (RLIN) 155121
Основно описание – тема или топоним Етика
653 #7 - Ключова дума – ненормативна
Ключова дума етика
9 (RLIN) 186471
852 ## - Местоположение
Форматна сигнатура К 1/Х 26
856 4# - Електронен адрес и достъп
Електронен формат pdf - файл
Път до файла /url/
856 4# - Електронен адрес и достъп
Електронен формат pdf - файл
Път до файла /url/
999 ## - СИСТЕМНИ КОНТРОЛНИ НОМЕРА
Koha biblionumber 354658
Koha biblioitemnumber 354658
942 ## - АРТИКУЛИ
Вид на библиотечния материал Книги
Скрит в OPAC Не
Периодичен библиозапис Да
Koha issues (borrowed), all copies 1
944 ## - СЪЗДАВАНЕ И РЕДАКЦИЯ на ЗАПИСА
Създаване/Редакция Създаване
Дата на регистрацията/редакция 2020-04-15
Служител, извършил регистрацията/редакцията 30558
Статус, дата на статуса Валя Йорданова
944 ## - СЪЗДАВАНЕ И РЕДАКЦИЯ на ЗАПИСА
Създаване/Редакция Редакция
Дата на регистрацията/редакция 19.09.2007
Служител, извършил регистрацията/редакцията BULLIB
999 ## - СИСТЕМНИ КОНТРОЛНИ НОМЕРА
Koha biblioitemnumber 354658
999 ## - СИСТЕМНИ КОНТРОЛНИ НОМЕРА
Koha biblioitemnumber 362790
Наличности
Код за отписване Код за изгубен артикул Източник на класификационната схема Код за повреда Коз за рестрикции Код за отдаване Артикулен № Име на библиотеката - собственик Име на библиотеката, в която се намира в момента Статус (Текущо местоположение) Дата на вписване в системата Местоположение - отдел Цена в лева Инвентарен номер Систематично азбучна сигнатура Баркод Цена в евро Служебен тип на артикула
  Не е изгубен Universal Decimal Classification Не е повреден само за читалня ползва се в читалня 762517 Регионална библиотека "Любен Каравелов" Русе Регионална библиотека "Любен Каравелов" Русе Краезнание 2020-04-17 Краезнание 1.00 378784 К 1/Х 26 120000378784 0.51 Книги
Vip Innovations Ltd, Rousse, Bulgaria 2025